Регионална библиотека "Любен Каравелов" - Русе

Звездата на Стриндберг (Запис номер 135499)

MARC детайли
000 -Лидер
Контролно поле с фиксирана дължина 01266nam a2200349 c 4500
003 - Код на организацията, давaща контролен номер
Контролно поле BLK
005 - Дата и час на последна редакция
Контролно поле 20250616115423.0
008 - Елементи от данни с фиксирана дължина
fixed length control field 180409b bul|||||r ||||||| ||bul||
010 ## - Наследен системен номер
LC control number KNG00141425000
020 ## - Международен стандартен номер на книга ISBN
Международен стандартен номер на книга ISBN 978-954-8657-98-3
040 ## - Източник на каталожния запис
Идентификатор на билиотеката - собственик на записа BLK
041 ## - Код за език
Код за езика на текст/звукозапис или на отделно заглавие Български
Код за езика КДБФ Български
072 #7 - Код за тематичната категория
Код организация bullib
Код за тематична категория Н83
Текст Чужда художествена литература Н
080 ## - УДК
Текстов определител УДК Шведска литература
УДК код - определител по УДК 821.113.6
УДК определител -31
УДК - код + определител 821.113.6-31
100 1# - Редна дума - Автор
Автор Валентин, Ян
Авторска отговорност първи автор
R(LIN) 324870
139 ## - Редно поле
Редна дума Валентин, Ян
Авторски знак Вал - В 18
245 10 - Сведения за заглавието
Заглавие Звездата на Стриндберг
Подзаглавни данни Роман
Редно поле (дума) Ян Валентин; прев. от швед. Васа Лалева Ганчева.
257 ## - Страна на издаване
Страна на създаване/издаване Швеция
260 ## - Област на издателските данни
Име на издателя, разпространителя и проч. Enthusiast
Година на издаване 2011
Печатница Костинброд : Мултипринт
300 ## - Физическа характеристика
Страници 432 с.
Размери/Мащаб 21 см
380 ## - Жанр
Жанр Худож. лит.
500 ## - Общи забележки
Забележка Ориг. загл. Strindbergs stjarna / Jan Wallentin.
659 ## - Тематичен бюлетин
Тематичен бюлетин Н
700 1# - Други автори (авторска отговорност)
Лично име Ганчева, Васа Лалева
Автороска отговорност (Описва отношението между автора и произведението) прев. от швед.
9 (RLIN) 377629
852 ## - Местоположение
Форматна сигнатура Цб 258993
856 4# - Електронен адрес и достъп
Електронен формат pdf - файл
856 4# - Електронен адрес и достъп
Електронен формат pdf - файл
999 ## - СИСТЕМНИ КОНТРОЛНИ НОМЕРА
Koha biblionumber 135499
Koha biblioitemnumber 135499
942 ## - АРТИКУЛИ
Вид на библиотечния материал Книги
Скрит в OPAC Не
Koha issues (borrowed), all copies 33
944 ## - СЪЗДАВАНЕ И РЕДАКЦИЯ на ЗАПИСА
Създаване/Редакция Създаване
Дата на регистрацията/редакция 01.04.2013
Служител, извършил регистрацията/редакцията 30576
Статус, дата на статуса Цветомила Тодорова
944 ## - СЪЗДАВАНЕ И РЕДАКЦИЯ на ЗАПИСА
Създаване/Редакция Редакция
Дата на регистрацията/редакция 19.08.2013
999 ## - СИСТЕМНИ КОНТРОЛНИ НОМЕРА
Koha biblioitemnumber 135499
Наличности
Код за отписване Код за изгубен артикул Код за повреда Коз за рестрикции Код за отдаване Артикулен № Име на библиотеката - собственик Име на библиотеката, в която се намира в момента Статус (Текущо местоположение) Дата на вписване в системата Местоположение - отдел Цена в лева Инвентарен номер Систематично азбучна сигнатура Баркод Номер на екземпляра Цена в евро Служебна бележка Служебен тип на артикула Източник на класификационната схема
  Не е изгубен Не е повреден без рестрикции ползва се в читалня 221498 Регионална библиотека "Любен Каравелов" Русе Регионална библиотека "Любен Каравелов" Русе Хранилище 2013-04-03 Хранилище 18.00 120000765421 Цб 258993 120000765421 1 9.20 Дост: Dp Вид: Д N: 1 Дата: 09.01.2012 Книги  
  Не е изгубен Не е повреден без рестрикции заемане за дома 687742 Регионална библиотека "Любен Каравелов" Русе Регионална библиотека "Любен Каравелов" Русе Заемна - подръчен фонд 2018-12-27 Заемна - подръчен фонд 5.00   П 839-31/В 18 120000828886   2.56   Книги Universal Decimal Classification
Vip Innovations Ltd, Rousse, Bulgaria 2025